000 00435nam a2200205Ia 4500
001 084258
003 YMCAF
005 20230512161441.0
008 100717s2002 ||||||||||||||||| ||und|d
024 _a84258
035 _a23718
040 _aYMCAF
_beng
_cIN-KoLT
041 _aeng
082 _a621.402
_bSAR
100 _aSarkar, B K
245 0 _aThermal engineering
260 _bTMH
_c2002
300 _a663
942 _2ddc
_cBK
999 _c8653
_d8653